So sánh Truyện Kiều với Kim Vân Kiều truyện từ sự chuyển đổi loại hình và thể loại /

Αποθηκεύτηκε σε:
Λεπτομέρειες βιβλιογραφικής εγγραφής
Κύριος συγγραφέας: Nguyễn Hữu Sơn.
Μορφή: Άρθρο
Γλώσσα:Vietnamese
Θέματα:
Ετικέτες: Προσθήκη ετικέτας
Δεν υπάρχουν, Καταχωρήστε ετικέτα πρώτοι!
Thư viện lưu trữ: Thư viện Trường Đại học Đà Lạt
LEADER 00867nam a2200289 4500
001 DLU060055819
040 # # |a DLU  |b vie 
041 # # |a vie 
044 # # |a vn 
100 # # |a Nguyễn Hữu Sơn. 
245 # # |a So sánh Truyện Kiều với Kim Vân Kiều truyện từ sự chuyển đổi loại hình và thể loại /  |c Nguyễn Hữu Sơn. 
653 # # |a Kim Vân Kiều truyện 
653 # # |a Nguyễn Du 
653 # # |a Thanh Tâm Tài Nhân 
653 # # |a Truyện Kiều 
773 # # |t Nghiên cứu văn học  |g Số 11, 2005, tr. 27-43 
920 # # |a Phòng Tạp chí -- Trung tâm Thông tin - Thư viện Trường Đại học Đà Lạt 
933 # # |a VH 
994 # # |a DLU 
900 # # |a True 
911 # # |a Nguyễn Thị Minh Cầm 
925 # # |a G 
926 # # |a A 
927 # # |a BB 
980 # # |a Thư viện Trường Đại học Đà Lạt